Normal view
MARC view
- HIBA P K
Entry Personal Name
001 - CONTROL NUMBER
- control field: 7901
003 - CONTROL NUMBER IDENTIFIER
- control field: OSt
005 - DATE AND TIME OF LATEST TRANSACTION
- control field: 20260307141859.0
008 - FIXED-LENGTH DATA ELEMENTS
- fixed length control field: 260307|| aca||aabn | a|a d
040 ## - CATALOGING SOURCE
- Original cataloging agency: OSt
- Transcribing agency: OSt
100 ## - HEADING--PERSONAL NAME
- Personal name: HIBA P K
670 ## - SOURCE DATA FOUND
- Source citation: Work cat.: (OSt)19625: NAZRIN H 7900, OPTIMIZATION AND PHYSICOCHEMICAL CHARACTERIZATION OF ULTRASOUND-ASSISTED EXTRACTION OF COCOA BEAN SHELL POWDER, 2025
